Statistics for Biggest Cities West of the Mississippi in 1900

Click here to take the quiz!

General Stats

  • This quiz has been taken 268 times
  • The average score is 15 of 20

Answer Stats

#PopulationCity% Correct
10102,000Los Angeles
96%
2343,000San Francisco
96%
1575,000St. Louis
91%
7134,000Denver
90%
2042,000Dallas
89%
1945,000Houston
89%
1381,000Seattle
89%
1851,000Kansas City (KS)
85%
5164,000Kansas City (MO)
85%
1290,000Portland
85%
4203,000Minneapolis
83%
3287,000New Orleans
78%
9103,000Omaha
73%
1753,000San Antonio
71%
1654,000Salt Lake City
69%
6163,000St. Paul
66%
1562,000Des Moines
64%
1467,000Oakland
56%
11102,000Memphis
45%
8103,000St. Joseph
19%

Score Distribution

Percentile by Number Answered

Percent of People with Each Score

Your Score History

You have not taken this quiz